000
00274nam a22001217a 4500
008
181220b xxu||||| |||| 00| 0 eng d
041
_a
eng
080
_a
540
100
_a
12
101
_a
KIM
245
_a
Inorganic reactions and structures
_c
Gould,W.S
942
_2
udc
_c
BK
999
_c
53541
_d
53541